[Event "Oberliga Ost-B 0405"]
[Site "Germany"]
[Date "2004.11.28"]
[Round "4.1"]
[White "Haensel, Thomas"]
[Black "Donchenko, Anatoly G"]
[Result "1/2-1/2"]
[WhiteElo "2310"]
[BlackElo "2416"]
[PlyCount "112"]
[EventDate "2004.10.10"]
[EventType "team-tourn"]
[EventRounds "11"]
[EventCountry "GER"]
[SourceTitle "EXT 2006"]
[Source "ChessBase"]
[SourceDate "2005.11.24"]
[SourceVersion "1"]
[SourceVersionDate "2005.11.24"]
[SourceQuality "1"]
[WhiteTeam "Erfurt Empor"]
[BlackTeam "Hungen Lich"]
[WhiteTeamCountry "GER"]
[BlackTeamCountry "GER"]

1. e4 c5 2. Nf3 d6 3. d4 cxd4 4. Nxd4 Nf6 5. Nc3 Nc6 6. Bg5 e6 7. Qd2 Be7 8. 0-0-0 Nxd4 9. Qxd4 0-0 10. f4 Qa5 11. Qd2 h6 12. Bh4 Nxe4 13. Nxe4 Qxd2+ 14. Rxd2 Bxh4 15. Nxd6 Rd8 16. Nxc8 Raxc8 17. Rxd8+ Bxd8 18. Bd3 Bc7 19. g3 f5 20. Kd2 Kf7 21. Ke3 g5 22. Kf3 Kf6 23. h3 Rd8 24. fxg5+ hxg5 25. g4 Rd4 26. gxf5 exf5 27. Rf1 Ra4 28. a3 Be5 29. Kg2 Bf4 30. Kf3 Bd6 31. Kg2 Ra5 32. a4 Rd5 33. b3 b6 34. Rf2 a5 35. Bc4 Rd4 36. Bd3 Bf4 37. Kf3 Bc1 38. Rf1 Ba3 39. Kg2 Rd5 40. Rf2 Bc5 41. Rf3 Re5 42. Rf1 Be3 43. Rf3 f4 44. Rf1 Bc5 45. Rf3 Be3 46. Rf1 Re8 47. Rd1 Bc5 48. Bf1 Ke5 49. Re1+ Be3 50. Rd1 Rh8 51. Be2 Bd4 52. Bg4 Rh6 53. Bf3 Rd6 54. c3 Bxc3 55. Rxd6 Kxd6 56. Be2 Bf6 1/2-1/2